000 02932cam a2200289 4500500
005 20260329013615.0
041 _afre
042 _adc
100 1 0 _aSiotos, Modestos
_eauthor
245 0 0 _aDix ans après la crise de la dette grecque : L’euroscepticisme modéré, une ressource politique réinvestie par la nouvelle extrême droite
260 _c2026.
500 _a16
520 _aL’article examine la reconfiguration du champ politique grec autour de la question de l’intégration européenne à l’occasion des élections européennes de 2024. En croisant une analyse électorale longitudinale avec l’étude des prises de position publiques et programmatiques des dirigeants partisans, il analyse l’appropriation, par de nouvelles formations d’extrême droite, de la stratégie d’euroscepticisme modéré portée par le parti de gauche radicale Syriza durant la crise de la dette. L’étude montre comment trois partis situés à droite de la Nouvelle Démocratie – le principal parti conservateur et pro-européen du pays – se sont emparés de cette stratégie, en articulant un agenda centré sur des positions antimigratoires et militaristes, ainsi que sur la défense des valeurs religieuses orthodoxes. L’article met ainsi en lumière la transférabilité de l’euroscepticisme modéré dans la Grèce post-crise, désormais davantage fondée sur des registres réactionnaires et identitaires que sur des enjeux socio-économiques.
520 _aThe article examines the reconfiguration of the Greek political field around the issue of European integration during the 2024 European elections. Combining longitudinal electoral analysis with the study of public and programmatic statements by party leaders, the study explores how new far-right formations have appropriated the strategy of moderate Euroscepticism advanced initially by the radical-left party Syriza during the debt crisis. The study shows how three parties positioned to the right of New Democracy – the country’s main conservative and pro-European party – have appropriated this strategy by pursuing an agenda focused on anti-immigration and militaristic positions, as well as the defence of Orthodox religious values. The article highlights the transferability of moderate Euroscepticism in post-crisis Greece, now grounded more in reactionary and identity-based registers than in socio-economic concerns.
690 _aCrise de la dette
690 _aEuroscepticisme
690 _aExtrême droite grecque
690 _aReconfiguration partisane
690 _aSyriza
690 _aDebt crisis
690 _aEuroscepticism
690 _aGreek far-right
690 _aParty system reconfiguration
690 _aSyriza
786 0 _nPôle Sud | 63 | 2 | 2026-02-10 | p. 71-91 | 1262-1676
856 4 1 _uhttps://shs.cairn.info/revue-pole-sud-2025-2-page-71?lang=fr&redirect-ssocas=7080
999 _c1881770
_d1881770